|
|
|
|
| LEADER |
00000nam0a2200000 4500 |
| 001 |
364985 |
| 005 |
20231102011736.0 |
| 035 |
|
|
|a (RuTPU)RU\TPU\retro\22348
|
| 090 |
|
|
|a 364985
|
| 100 |
|
|
|a 20211207d1980 m y0rusy50 ca
|
| 101 |
0 |
|
|a rus
|
| 102 |
|
|
|a RU
|
| 105 |
|
|
|a a j 001zy
|
| 200 |
1 |
|
|a Жаропрочные и жаростойкие стали и сплавы
|e конспект лекций
|f Ю. Г. Векслер
|g Уральский государственный технический университет - УПИ
|
| 210 |
|
|
|a Свердловск
|c Изд-во УПИ
|d 1980
|
| 215 |
|
|
|a 37 с.
|c ил.
|
| 320 |
|
|
|a Библиогр.: с. 36
|
| 606 |
1 |
|
|a Жаропрочные сплавы
|2 stltpush
|3 (RuTPU)RU\TPU\subj\10324
|9 37411
|
| 610 |
1 |
|
|a жаростойкие стали
|
| 610 |
1 |
|
|a лекции
|
| 610 |
1 |
|
|a учебные пособия
|
| 610 |
1 |
|
|a газовая коррозия
|
| 610 |
1 |
|
|a ползучесть
|
| 610 |
1 |
|
|a кинетика
|
| 610 |
1 |
|
|a структура
|
| 610 |
1 |
|
|a состав
|
| 610 |
1 |
|
|a свойства
|
| 675 |
|
|
|a 669.018.44(075)
|v 4
|
| 700 |
|
1 |
|a Векслер
|b Ю. Г.
|g Юрий Генрихович
|
| 712 |
0 |
2 |
|a Уральский государственный технический университет - УПИ
|c (Екатеринбург)
|c (1992-2009)
|2 stltpush
|3 (RuTPU)RU\TPU\col\1041
|9 23509
|
| 801 |
|
1 |
|a RU
|b 63413507
|c 20211207
|
| 942 |
|
|
|c BK
|